<?xml version="1.0" encoding="UTF-8"?><?xml-stylesheet type="text/xsl" href="static/style.xsl"?><OAI-PMH xmlns="http://www.openarchives.org/OAI/2.0/" xmlns:xsi="http://www.w3.org/2001/XMLSchema-instance" xsi:schemaLocation="http://www.openarchives.org/OAI/2.0/ http://www.openarchives.org/OAI/2.0/OAI-PMH.xsd"><responseDate>2026-04-13T07:32:41Z</responseDate><request verb="GetRecord" identifier="oai:www.recercat.cat:10230/71116" metadataPrefix="marc">https://recercat.cat/oai/request</request><GetRecord><record><header><identifier>oai:recercat.cat:10230/71116</identifier><datestamp>2025-09-06T11:11:11Z</datestamp><setSpec>com_2072_6</setSpec><setSpec>col_2072_452952</setSpec></header><metadata><record xmlns="http://www.loc.gov/MARC21/slim" xmlns:dcterms="http://purl.org/dc/terms/" xmlns:xsi="http://www.w3.org/2001/XMLSchema-instance" xmlns:doc="http://www.lyncode.com/xoai" xsi:schemaLocation="http://www.loc.gov/MARC21/slim http://www.loc.gov/standards/marcxml/schema/MARC21slim.xsd">
   <leader>00925njm 22002777a 4500</leader>
   <datafield ind2=" " ind1=" " tag="042">
      <subfield code="a">dc</subfield>
   </datafield>
   <datafield ind2=" " ind1=" " tag="720">
      <subfield code="a">Godeau, Amélie L.</subfield>
      <subfield code="e">author</subfield>
   </datafield>
   <datafield ind2=" " ind1=" " tag="720">
      <subfield code="a">Marin-Riera, Miquel</subfield>
      <subfield code="e">author</subfield>
   </datafield>
   <datafield ind2=" " ind1=" " tag="720">
      <subfield code="a">Trubuil, Elise</subfield>
      <subfield code="e">author</subfield>
   </datafield>
   <datafield ind2=" " ind1=" " tag="720">
      <subfield code="a">Rogalla, Svana</subfield>
      <subfield code="e">author</subfield>
   </datafield>
   <datafield ind2=" " ind1=" " tag="720">
      <subfield code="a">Bengoetxea, Guillermo</subfield>
      <subfield code="e">author</subfield>
   </datafield>
   <datafield ind2=" " ind1=" " tag="720">
      <subfield code="a">Backová, Lenka</subfield>
      <subfield code="e">author</subfield>
   </datafield>
   <datafield ind2=" " ind1=" " tag="720">
      <subfield code="a">Pujol, Thomas</subfield>
      <subfield code="e">author</subfield>
   </datafield>
   <datafield ind2=" " ind1=" " tag="720">
      <subfield code="a">Colombelli, Julien</subfield>
      <subfield code="e">author</subfield>
   </datafield>
   <datafield ind2=" " ind1=" " tag="720">
      <subfield code="a">Sharpe, James</subfield>
      <subfield code="e">author</subfield>
   </datafield>
   <datafield ind2=" " ind1=" " tag="720">
      <subfield code="a">Martin-Blanco, Enrique</subfield>
      <subfield code="e">author</subfield>
   </datafield>
   <datafield ind2=" " ind1=" " tag="720">
      <subfield code="a">Solon, Jérôme</subfield>
      <subfield code="e">author</subfield>
   </datafield>
   <datafield ind2=" " ind1=" " tag="260">
      <subfield code="c">2025-09-05T06:24:49Z</subfield>
   </datafield>
   <datafield ind2=" " ind1=" " tag="260">
      <subfield code="c">2025-09-05T06:24:49Z</subfield>
   </datafield>
   <datafield ind2=" " ind1=" " tag="260">
      <subfield code="c">2025</subfield>
   </datafield>
   <datafield ind2=" " ind1=" " tag="520">
      <subfield code="a">In embryos, epithelial sealing proceeds with progressive zipping eventually leading to a scar-free epithelium and ensuring the assembly of body segments in insects and neural tube in mammals. How zipping is mechanically controlled to promote tissue fusion on long distances, remains unclear. Combining physical modeling with genetic and mechanical perturbations, we reveal the existence of a transient contractile seam that generates forces to reduce the zipping angle by force balance, consequently promoting epidermal sealing during Drosophila embryogenesis. The seam is formed by the adhesion of two tissues, the epidermis and amnioserosa, and is stabilized by the tensions generated by the segment boundaries. Once a segment is zipped, the seam disassembles concurrently with the inactivation of the Jun kinase pathway. Thus, we show that epithelial sealing is promoted by a transient actomyosin contractile seam allowing sequential segment assembly.</subfield>
   </datafield>
   <datafield ind2=" " ind1=" " tag="520">
      <subfield code="a">The research leading to these results has received funding from the Spanish Ministry of Economy and Competitiveness, Plan Nacional, BFU2015-68754, the Spanish Ministry of Science and Innovation, Plan National, PID2019-109117GB-100, funded by MICIU/AEI/10.13039/501100011033 and PID2022-142779NB-100, funded by MICIU/AEI/10.13039/501100011033 and by ERDF, EU, “Centro de Excelencia Severo Ochoa” and to the EMBL partnership. S.R. acknowledges the support by a fellowship from International Human Frontier Science Program, LT0007/2022-L. E.T. acknowledges the support by a fellowship by the UPV/EHU, PIF20/193. L.B. acknowledges the support received from the IKUR Strategy of the Basque Government.  This study is part of the PIBA_2023_1_0033 project, funded by the Basque Government under the grant PIBA - PUE 2022. We acknowledge the support of the CERCA Program/Generalitat de Catalunya. This work was supported in part by the Fundaciòn Biofisika Bizkaia and the Basque Excellent Research Centre (BERC) program of the Basque Government.</subfield>
   </datafield>
   <datafield ind1="8" ind2=" " tag="024">
      <subfield code="a">http://hdl.handle.net/10230/71116</subfield>
   </datafield>
   <datafield tag="653" ind2=" " ind1=" ">
      <subfield code="a">Cytoskeleton</subfield>
   </datafield>
   <datafield tag="653" ind2=" " ind1=" ">
      <subfield code="a">Morphogenesis</subfield>
   </datafield>
   <datafield tag="653" ind2=" " ind1=" ">
      <subfield code="a">Multicellular systems</subfield>
   </datafield>
   <datafield ind2="0" ind1="0" tag="245">
      <subfield code="a">A transient contractile seam promotes epithelial sealing and sequential assembly of body segments</subfield>
   </datafield>
</record></metadata></record></GetRecord></OAI-PMH>